Ideal Woman In Islam / (Record no. 194969)

MARC details
000 -LEADER
fixed length control field 00573nam a22001817a 4500
005 - DATE AND TIME OF LATEST TRANSACTION
control field 20230317152258.0
010 ## - LCCN (DPL NO)
LC control number ENG-136117
020 ## - INTERNATIONAL STANDARD BOOK NUMBER
Terms of availability 100.00
035 ## - SYSTEM CONTROL NUMBER
System control number EN-119649
037 ## - SOURCE OF ACQUISITION
Source of stock number/acquisition DBAD/PUB
082 ## - DEWEY DECIMAL CLASSIFICATION NUMBER
Classification number 305.409
100 ## - MAIN ENTRY--PERSONAL NAME
Personal name Imran
245 ## - TITLE STATEMENT
Title Ideal Woman In Islam /
Remainder of title By Imran
260 ## - PUBLICATION, DISTRIBUTION, ETC. (IMPRINT)
Place of publication, distribution, etc New Delhi
Name of publisher, distributor, etc Markazi Maktaba Islami Publishers
Date of publication, distribution, etc 2013
270 ## - ADDRESS
Address D-307, Dawat Nagar, Abul Fazi Enclave, Jamia Nagar, Okhla
City New Delhi
Postal code 110025
Electronic mail address mmipublishers@gmail.com
300 ## - PHYSICAL DESCRIPTION
Extent 203p.
Other physical details Bibliography
Dimensions 22cm(pbk)
942 ## - ADDED ENTRY ELEMENTS (KOHA)
Source of classification or shelving scheme Dewey Decimal Classification
Item type English Books
Classification part 305.409
Call number suffix IMR
Holdings
Withdrawn status Lost status Not for loan Collection code Home library Current library Date acquired Source of acquisition Cost, normal purchase price Full call number Barcode Copy number Cost, replacement price Koha item type
      Non-fiction Katevara Katevara 03/02/2023 DBAD/PUB 100.00 305.409 IMR EN-119649 1 100.00 English Books

© Delhi Public Library
Hit Counter
free hit counter